000 00599nam a2200181 i 4500
001 67716
003 ES-MaACL
005 20230906170133.0
007 t|
008 040203s1972 sp ||||1| spa d
100 1 _aGalopin, Roger.
_953667
245 1 0 _aGimnasia correctiva /
_cpor Roger Galopin ; [traducción de José Rovira Sánchez ; revisión Carlos Ramón Marsal].
260 _aBarcelona :
_bHispano Europea,
_c[1972]
300 _a506 p. :
_bil. ;
_c21 cm.
700 1 _aRovira Sánchez, José.
_9100155
700 1 _aMarsal, Carlos Ramón.
_977102
852 _aES-MaACL
_jC-48022
_bR.82309
999 _c67716
_d67716